000 00527nam a22001817a 4500
003 0
005 20220727145845.0
008 220727b xxu||||| |||| 00| 0 eng d
020 _a978-621-8205-03-1
050 _aKF390
_b.D56 2021
245 _aRegulatory framework and legal issues in business part 1
_cAndrix D. Domingo
250 _a2nd ed.
260 _aBaguio City
_bCoaching for results publishing
_cC2021
300 _a906pp.
_c23cm.
_fBook
500 _aLegal issues.
500 _aCommercial laws.
942 _2lcc
_cBK
999 _c364759
_d364759